| 000 | 00378nam a2200145Ia 4500 | ||
|---|---|---|---|
| 008 | 231217s9999 xx 000 0 und d | ||
| 041 | _aEnglish | ||
| 082 | _a294.54 HAR | ||
| 100 | _aHarshananda, Swami | ||
| 245 | 0 | _aHow the modern youth can confront their problems | |
| 260 |
_cNULL _bRamakrishna Math, Madras |
||
| 300 | _a20 | ||
| 650 | _aYouth,problems | ||
| 942 | _cAA | ||
| 999 |
_c165185 _d165185 |
||